000 00695nam a2200241 i 4500
001 000046285
003 DO-SdBNP
005 20230523100810.0
007 ta
008 110303s2018 dr 000 0 spa d
020 _a9789945504002
040 _aDO-SdBNP
_bspa
_cBNPHU
_erda
082 _bR457i
_222
245 1 0 _aInvestigación :
_b¿que es el Estado?, ¿que es el gobierno?
264 _aSanto Domingo :
_bFundación Educación Constitucional,
_c2018.
300 _a240 paginas. ;
_c22 cm.
336 _2rdacontent
_atexto
_btxt
337 _2rdamedia
_asin mediación
_bn
338 _2rdacarrier
_avolumen
_bnc
590 _ainventariado, 2023 / DG
910 _aDG
942 _2ddc
_cLBS1
999 _c53589
_d53589